Cultureshock! : Malaysia : A survival guide to customs and etiquette
Wedi'i Gadw mewn:
| Prif Awdur: | |
|---|---|
| Fformat: | Llyfr |
| Iaith: | Undetermined |
| Cyhoeddwyd: |
Singapore
Marshall Cavendish
2005
|
| Pynciau: | |
| Tagiau: |
Ychwanegu Tag
Dim Tagiau, Byddwch y cyntaf i dagio'r cofnod hwn!
|
| Thư viện lưu trữ: | Trung tâm Học liệu Trường Đại học Cần Thơ |
|---|
| LEADER | 00636nam a2200217Ia 4500 | ||
|---|---|---|---|
| 001 | CTU_128312 | ||
| 008 | 210402s9999 xx 000 0 und d | ||
| 020 | |c 160000 | ||
| 082 | |a 959.5 | ||
| 082 | |b M963 | ||
| 100 | |a Munan, Heidi | ||
| 245 | 0 | |a Cultureshock! : | |
| 245 | 0 | |b Malaysia : A survival guide to customs and etiquette | |
| 245 | 0 | |c Munan, Heidi | |
| 260 | |a Singapore | ||
| 260 | |b Marshall Cavendish | ||
| 260 | |c 2005 | ||
| 650 | |a Malaysia,Malaysia | ||
| 650 | |x Social life and customs.,Đời sống xã hội và phong tục | ||
| 904 | |i Minh | ||
| 980 | |a Trung tâm Học liệu Trường Đại học Cần Thơ | ||